00445nam a2200133Ia 4500008004100000245008300041260004900124260000900173300001000182500001200192650001600204999001900220952007200239170224s9999 xx 000 0 und d aBelief in the immutability of attitudes both increases and decreases advocacy. bJournal of Personality and Social Psychology c2016 a111:4 aOctober xPsychology. c316388d316388 001040aCLbCLd2017-02-24l0r2017-02-24 00:00:00w2017-02-24ySE